La historia de Cuba vista desde España: estudios sobre "política", "raza" y "sociedad" (Registro nro. 12181)
[ vista simple ]
| 000 -LEADER | |
|---|---|
| fixed length control field | 00553nam a2200193Ia 4500 |
| 005 - DATE AND TIME OF LATEST TRANSACTION | |
| control field | 20250822170844.0 |
| 008 - FIXED-LENGTH DATA ELEMENTS--GENERAL INFORMATION | |
| fixed length control field | 250822s9999||||xx |||||||||||||| ||und|| |
| 100 ## - MAIN ENTRY--PERSONAL NAME | |
| Personal name | Hernández Sandoica, Elena |
| 245 #0 - TITLE STATEMENT | |
| Title | La historia de Cuba vista desde España: estudios sobre "política", "raza" y "sociedad" |
| 300 ## - PHYSICAL DESCRIPTION | |
| Extent | p. 7-24 |
| 650 ## - SUBJECT ADDED ENTRY--TOPICAL TERM | |
| Topical term or geographic name entry element | DISCRIMINACION RACIAL |
| 650 ## - SUBJECT ADDED ENTRY--TOPICAL TERM | |
| Topical term or geographic name entry element | HISTORIA |
| 650 ## - SUBJECT ADDED ENTRY--TOPICAL TERM | |
| Topical term or geographic name entry element | HISTORIOGRAFIA |
| 650 ## - SUBJECT ADDED ENTRY--TOPICAL TERM | |
| Topical term or geographic name entry element | POLITICA |
| 650 ## - SUBJECT ADDED ENTRY--TOPICAL TERM | |
| Topical term or geographic name entry element | SOCIEDAD |
| 651 ## - SUBJECT ADDED ENTRY--GEOGRAPHIC NAME | |
| Geographic name | CUBA |
| 773 ## - HOST ITEM ENTRY | |
| Main entry heading | Revista de Indias Vol. 58 No. 212 (1998) |
| 942 ## - ADDED ENTRY ELEMENTS (KOHA) | |
| -- | MJCh |
No hay ítems disponibles.